Obálka Náhled e-knihy:
PDF
Pro půjčování e-knih musíte být přihlášeni.
Jak si půjčit online?

Labková patrola. Labky chránia prírodu /

Příběhy oblíbených hrdinů z televizního seriálu. V Adventure Bay se chystá Festival Země, v noci se však přižene obrovská bouře, která napáchá spoustu škod. Tlapkovou patrolu čeká mnoho úkolů.

Uloženo v:
Hlavní autor: Stevens, Cara J. (Autor)
Další autoři: Martinez, Heather (Autor), Baluchová, Veronika (Ilustrátor)
Médium: E-kniha
Jazyk:Slovak
Vydáno: V Prahe : Egmont, 2022
Vydání:Prvé vydanie
Edice:Paw Patrol (Egmont)
Témata:
Příbuzné jednotky:Přeloženo z: Paw patrol
Tagy:
Žádné tagy
LEADER 02346nam a2200565 i 4500
001 311564
003 CZ PrSKC
005 20260601215707.0
007 ta
008 220408s2022 xr a a 000 j slo
015 |a cnb003415876 
020 |a 9788025251461  |q (vázáno) 
035 |a (OCoLC)1329408735 
040 |a ABG001  |b cze  |e rda 
041 1 |a slo  |h eng 
072 7 |a 821-93  |x Literatura pro děti a mládež (beletrie)  |2 Konspekt 
080 |a 821-32  |2 MRF 
080 |a 821-93  |2 MRF 
080 |a (0:82-32)  |2 MRF 
100 1 |a Stevens, Cara J.  |7 ola2017960275  |4 aut 
240 1 0 |a Clean, green rescue!.  |l Slovensky 
245 1 0 |a Labková patrola.  |p Labky chránia prírodu /  |c preklad Veronika Baluchová 
246 3 0 |a Labky chránia prírodu 
250 |a Prvé vydanie 
264 1 |a V Prahe :  |b Egmont,  |c 2022 
300 |a 40 nečíslovaných stran :  |b barevné ilustrace ;  |c 22 cm 
336 |a text  |b txt  |2 rdacontent 
336 |a statický obraz  |b sti  |2 rdacontent 
337 |a bez média  |b n  |2 rdamedia 
338 |a svazek  |b nc  |2 rdacarrier 
490 1 |a Paw Patrol 
500 |a Přeloženo z angličtiny 
500 |a Napsala Cara Stevens, ilustrovala Heather Martinez 
500 |a Nad názvem označení původního nakladatele: Nickelodeon 
520 2 |a Příběhy oblíbených hrdinů z televizního seriálu. V Adventure Bay se chystá Festival Země, v noci se však přižene obrovská bouře, která napáchá spoustu škod. Tlapkovou patrolu čeká mnoho úkolů. 
521 8 |a Pro děti od 5 let 
655 7 |a příběhy  |7 fd133204  |2 czenas 
655 7 |a publikace pro děti  |7 fd133156  |2 czenas 
655 9 |a stories  |2 eczenas 
655 9 |a children's literature  |2 eczenas 
700 1 |a Martinez, Heather  |7 xx0122785  |4 ill 
700 1 |a Baluchová, Veronika  |7 ola20191025268  |4 trl 
765 0 |t Paw patrol 
830 0 |a Paw Patrol (Egmont) 
900 |a ABA001  |b 20 
928 9 |a Albatros Media - Egmont 
044 |a xr 
910 |a RBIT002 
998 |d 352383  |a https://core.palmknihy.cz/api/books/352383/cover?seoosw  |b https://core.palmknihy.cz/api/books/352383/cover/400?seoosw  |c https://core.palmknihy.cz/api/books/352383/cover/50?seoosw  |e 2026-06-30  |g 48  |i 9788025251461  |k https://core.palmknihy.cz/api/books/352383/preview.pdf  |l   |q 49  |r 1  |s https://www.palmknihy.cz/kniha/352383  |t ebook  |y 2022  |z 0 
999 |d 311562